UNDERSTANDING NEW CRIMINALS LAWS (Record no. 34366)

MARC details
000 -LEADER
fixed length control field 00315nam a22001457a 4500
003 - CONTROL NUMBER IDENTIFIER
control field SGT
020 ## - INTERNATIONAL STANDARD BOOK NUMBER
International Standard Book Number 9789364557948
082 ## - DEWEY DECIMAL CLASSIFICATION NUMBER
Classification number 345
Item number TAX
100 ## - MAIN ENTRY--PERSONAL NAME
Personal name TAXMANN
245 ## - TITLE STATEMENT
Title UNDERSTANDING NEW CRIMINALS LAWS
260 ## - PUBLICATION, DISTRIBUTION, ETC. (IMPRINT)
Place of publication, distribution, etc NEW DELHI
Name of publisher, distributor, etc TAXMANN
Year of Publication 2024
300 ## - PAGE DESCRIPTION
No. of Pages 139
653 ## - KEYWORDS--INDEX TERM
Keyword term BNS, BNSS, BSA
942 ## - ADDED ENTRY ELEMENTS (KOHA)
Source of classification or shelving scheme Dewey Decimal Classification
Koha item type Books
Holdings
Withdrawn status Lost status Source of classification or shelving scheme Damaged status Not for loan Collection code Home library Current library Shelving location Date acquired Vendor Name Cost, normal purchase price SGTU Bill Number Total Checkouts Full call number Accession No. (Barcode) Date last seen Bill Date Koha item type
    Dewey Decimal Classification     LAW SGT Science & Social Sciences Library SGT Science & Social Sciences Library Text Book 17/03/2026 ZAFFA BOOKS 175.00 SGTU ZBD0463   345 TAX FL4156 17/03/2026 03/03/2026 Books
    Dewey Decimal Classification     LAW SGT Science & Social Sciences Library SGT Science & Social Sciences Library Text Book 17/03/2026 ZAFFA BOOKS 175.00 SGTU ZBD0463   345 TAX FL4157 17/03/2026 03/03/2026 Books
    Dewey Decimal Classification     LAW SGT Science & Social Sciences Library SGT Science & Social Sciences Library Text Book 17/03/2026 ZAFFA BOOKS 175.00 SGTU ZBD0463   345 TAX FL4158 17/03/2026 03/03/2026 Books
    Dewey Decimal Classification     LAW SGT Science & Social Sciences Library SGT Science & Social Sciences Library Text Book 17/03/2026 ZAFFA BOOKS 175.00 SGTU ZBD0463   345 TAX FL4159 17/03/2026 03/03/2026 Books
    Dewey Decimal Classification     LAW SGT Science & Social Sciences Library SGT Science & Social Sciences Library Text Book 17/03/2026 ZAFFA BOOKS 175.00 SGTU ZBD0463   345 TAX FL4160 17/03/2026 03/03/2026 Books